'The Hobbit' Top 30 & 'LOTR' Top 50 Quiz Stats

 Plays Quiz Updated Jan 18, 2016

Challenge
Share
Tweet
Embed
Score 0/7 Timer 05:00
4 Plays Today
'The Hobbit' Mentions Character % Correct
631Bilbo Baggins
98.8%
186Gandalf
97.3%
82Gollum/Smeagol
66.9%
25Elrond Half-elven
64.5%
247Thorin Oakenshield
64.3%
23Gloin
49.2%
69Balin
40.4%

You're not logged in!

Compare scores with friends on all Sporcle quizzes.
Join for Free
OR
Log In

You Might Also Like...

Show Comments

Extras

Top Quizzes Today


Score Distribution

Your Account Isn't Verified!

In order to create a playlist on Sporcle, you need to verify the email address you used during registration. Go to your Sporcle Settings to finish the process.

Report this User

Report this user for behavior that violates our Community Guidelines.

Details: